01007nam a2200181 a 450000100100000000500170001000800410002704000250006810000370009324500490013026000750017930000210025404900090027595201790028495201750046395201700063899900170080800003330920200930070152.0110823s1929 dr 000 0 spa d aDO-SdBNPbspacBNPHU1 aCaminero Sánchez, Mario95890910aFronda Lírica /cMario Caminero Sánchez. aSan Pedro de Macoris, República Dominicana :bImp. Cervantes,c1929. a183 p. ;c23 cm. aBNPD 001054708RVaGRbGRcCTd2012-02-06iLF1l0o p33309-30r2020-06-25te. 3w2020-06-25y4zPerteneció a la biblioteca personal de Julio Ortega Frier.ZPréstamo en sala 001050718RVaPDbPDcHDd2011-08-23iLF1l0o p33309-10r2020-06-25w2020-06-25y1zPerteneció a la biblioteca personal de Carlos Larrazábal Blanco.ZNo se presta 001050718RVaPDbPDcCTd2011-08-26iLF1l0o p33309-20r2020-06-25te. 2w2020-06-25y1zPerteneció a la biblioteca personal de Martínez Boog.ZNo se presta c32800d32800